000 01096nas a2200349 4500
001 BR2017001293
003 BR-BrBNA
005 20231205130929.0
007 ta
008 230509b bl.|||p| |||| 00| 00por d
040 _aBR-BrBNA
_bpor
_cBiblioteca Nacional de Agricultura
041 _a(En)
072 _aL53
100 1 _aDias, J.C.O.
100 1 _aVeloso, C.M.
100 1 _aSantos, M.C. da R.
100 1 _aOliveira, C.T.S.A.M. de
100 1 _aSilveira, C.O.
100 1 _aIglesias, E.
100 1 _aMaitan, P.P.
245 1 _aSeasonal variation in the reproductive activity of male goats raised under tropical climate conditions
650 _aCAPRINO
650 _aCOMPORTAMENTO SEXUAL
650 _aSÊMEN
650 _aQUALIDADE
650 _aTESTOSTERONA
650 _aVARIAÇÃO SAZONAL
773 0 _tRevista Brasileira de Zootecnia (Brazil)
_xISSN 1806-9290
_g(Mar 2017), v. 46(3) p. 192-201
_wBR2017001293
856 4 0 _uhttp://www.scielo.br/pdf/rbz/v46n3/1806-9290-rbz-46-3-0192.pdf
909 _a202311
_bLúcia
_c55
_dLúcia Elande
942 _2AGRIS
_n0
_cANA
999 _c252102
_d252102